| 000 | 00676nam a2200193 a 4500 | ||
|---|---|---|---|
| 001 | 000021942 | ||
| 005 | 20200930011520.0 | ||
| 008 | 100915s1999 dr 000 0 spa d | ||
| 040 |
_aDO-SdBNP _bspa _cBNPHU |
||
| 082 |
_axxx _bG993o |
||
| 100 | 1 |
_aGuzmán, Avelino _945529 |
|
| 245 | 1 | 0 |
_aOcupación militar noteamericana 1916-1924 : _baspecto jurídico de la Convención Dominico-americana de 1907 / _cAvelino Guzmán. |
| 250 | _a2a ed. corr. y amp. | ||
| 260 |
_aSantiago, República Dominicana : _bTeófilo, _c1999. |
||
| 300 |
_a81 p. ; _c22 cm. |
||
| 500 | _aIncluye datos biográficos del autor en la contraportada | ||
| 504 | _aBibliografía : 80-81 | ||
| 049 | _aBNPD | ||
| 999 |
_c21440 _d21440 |
||